00779nam a2200217Ia 4500008004100000020001600041040001400057082002200071100002200093245006600115260004100181300001100222365002600233366000800259505002200267530003000289620008700319630006600406650002300472730006600495100315s9999 xx 000 0 und d a333152271  cENGLISH  b10206 a332.45  a"Bell, Geoffrey " aThe Euro-dollar Market and the International Financial System aLondon bMacmillan Press  c1973  a125   eRupees d1 b0.00  f0  gVaibhav Gaikwad  bDonated By RBI Library   a"Euro-dollar Market, International Financial System, Foreign Exchange, RBI Book " aThe Euro-dollar Market and the International Financial System aForeign Exchange  aThe Euro-dollar Market and the International Financial System